000 00257nam a2200109Ia 4500
005 20251222154357.0
008 251222s9999||||xx |||||||||||||| ||spa||
082 _a868.9/V62
100 _a"Vicent, Manuel"
245 0 _aJardín de Villa Valeria
942 _cLIB
999 _c35131
_d35131